000 00467cam a2200145 4500500
005 20251012003912.0
041 _afre
042 _adc
100 1 0 _aGilson, Martha
_eauthor
245 0 0 _aAutogestion et santé communautaire, les deux jambes du Village 2 santé
260 _c2020.
500 _a3
786 0 _nSilence | 485 | 1 | 2020-01-01 | p. 5-9 | 0756-2640
856 4 1 _uhttps://shs.cairn.info/revue-silence-2020-1-page-5?lang=fr&redirect-ssocas=7080
999 _c1513520
_d1513520